| 000 | 00421cam a2200181 4500 | ||
|---|---|---|---|
| 001 | D6986 | ||
| 008 | 090401t1976 xxu||||| |||| 00| 0 eng d | ||
| 035 | _a(Sirsi) u4403 | ||
| 041 | _aeng | ||
| 050 | _a333.3320212 | ||
| 100 | _aMarshall, Philip | ||
| 245 | _aDonaldsons investment tables | ||
| 260 |
_aLondon _bDonaldson and Sons _c1976 |
||
| 300 | _ac40p. 22cm | ||
| 350 | _a0 | ||
| 942 | _n0 | ||
| 948 | _c04/03/1997 | ||
| 999 |
_c86023 _d86023 |
||